| 000 | 00366nam a22001217a 4500 | ||
|---|---|---|---|
| 999 |
_c2625 _d2625 |
||
| 005 | 20200922100501.0 | ||
| 008 | 200922b ||||| |||| 00| 0 eng d | ||
| 020 | _a0340584998 | ||
| 040 | _cCML | ||
| 245 |
_aStudying Literary Theory, An Introduction. _cWebster, R. |
||
| 260 |
_aLondon _bGreat Britain _c1990 |
||
| 942 |
_2ddc _cBK _e1st Edition _h801 _mWEB |
||